000 00957nam a22003137a 4500
003 CHAP
005 20220329135547.0
008 971013s1977 r 00010 d
010 _a38508
011 _a39480
035 _a43601
040 _cCHAP
082 _a636.08
_bE8 1977
110 _aEspaña. Ministerio de Agricultura
_937710
245 _aDiez temas sobre manejo del ganado
250 _a2 ed.
260 _aMadrid :
_bEl Ministerio,
_c1977
300 _a186 p.
_b: ilus.
490 _aPublicaciones de extensión agraria
590 _aBATCH-UPD
_b10
_c20130110
_lUCH01
_h1622
590 _aBATCH-UPD
_b10
_c20130410
_lUCH01
_h1017
590 _aBATCH-UPD
_b10
_c20130914
_lUCH01
_h1458
590 _aCONVERSION
_b10
_c20130109
_lUCH01
_h1321
650 1 4 _aGanadería.
_944604
830 0 _aPublicaciones de extensión agraria
_992675
901 _aBK
942 _cLIBRO
949 _a636.08 E8 1977
_bBC
_cLIBRO
_d-99785
_eLIBRO
_h44941
_i43601
_si
999 _c38508
_d38508